THE STATISTICAL ANALYSIS OF CENTURY'S ATMOSPHERIC MOVEMENT OF PRECIPITATION IN SIMFEROPOL

Bibliographic Details
Main Author: Veď, I. (Author)
Format: Article
Language:English

MARC

LEADER 00000naa a2200000uu 4500
001 vtls011085032
003 SK-MaSNL
005 20260302105114.0
008 210905|1996 xo |||||||||||||||||eng|
015 |a SNBRA 
035 |a (urnnbn)urn:nbn:sk:snk:ar-a0cloy 
035 |a (uuid)e4aceeb4-4011-4fc0-805a-c69e14ab3eeb 
035 |a urn:nbn:sk:snk-aavrky 
040 |a SNKBUCL  |b slo  |c SNKBUCL  |e AACR2 
041 0 |a eng 
044 |a xo  |c SK 
100 1 |a Veď, I.  |4 aut  |9 783264 
245 1 0 |a THE STATISTICAL ANALYSIS OF CENTURY'S ATMOSPHERIC MOVEMENT OF PRECIPITATION IN SIMFEROPOL  |c I. Veď 
773 0 |t Meteorological processes in the boundary layer of the atmosphere  |d Bratislava : Geophysical Institute of the Slovak Academy of Sciences, 1996  |g S. 232-235  |z 8085754053 
958 |a OND 
958 |a article12 
958 |a chapter 
999 |c 1237395  |d 1239325